Strategie pro Čínu

Hlavné problémy, ktoré trápia zahraničných investorov pri podnikaní v Číne. Perspektíva Číny stať sa hlavným motorom svetového rastu v produkcii a v spotrebe. Potreba novej stratégie v podnikaní v Číne. Zložky podnikateľskej stratégie - zákazníci, konkurencia, firma a kontext. Tri kľúčové faktory čí...

Descrizione completa

Salvato in:
Dettagli Bibliografici
Autore principale: Tse, Edward
Natura: Capitolo di libro
Lingua:ceco
Soggetti:
Tags: Aggiungi Tag
Nessun Tag, puoi essere il primo ad aggiungerne!!

MARC

LEADER 00000naa a2200000 4500
001 0124033
005 20231213140025.7
041 0 |a cze 
044 |a CZ 
245 1 0 |a Strategie pro Čínu  |c Edward Tse 
520 |a Hlavné problémy, ktoré trápia zahraničných investorov pri podnikaní v Číne. Perspektíva Číny stať sa hlavným motorom svetového rastu v produkcii a v spotrebe. Potreba novej stratégie v podnikaní v Číne. Zložky podnikateľskej stratégie - zákazníci, konkurencia, firma a kontext. Tri kľúčové faktory čínskeho kontextu: oficiálna Čína, konkurenčná Čína a spotrebiteľská Čína. Päť otázok pre firmu, ktorá zvažuje podnikať v Číne. 
610 2 0 |a podnikanie 
610 2 0 |a investovanie 
610 2 0 |a stratégia podnikateľská 
610 2 0 |a firmy 
610 2 0 |a konkurencia 
610 2 0 |a trh voľný 
610 2 0 |a Čína 
100 1 |a Tse, Edward